000 01867nam a2200397 i 4500
001 000031178
003 DO-SdBNP
005 20240110104223.0
007 ta
008 110614s2000 dr 000 0 spa d
040 _aDO-SdBNP
_bspa
_cBNPHU
_erda
082 4 _a346.01
_bR426s
_222
110 1 _aRepública Dominicana.
_9447
240 1 0 _a[Leyes, etc.]
245 1 0 _aSujetos de derechos :
_bcompilación de la normantiva vigente en la República Dominicana, hasta el 16 de mayo del año 2000 sobre persona humana, niños, niñas y adolescentes, mujeres envejecientes, discapacitados, familia, población /
_ccompilador, Juan Miguer Castillo Pantaleón.
264 _aSanto Domingo :
_bFondo de Población de las Naciones Unidas,
_c2000.
300 _avolumen ;
_c23 cm.
336 _2rdacontent
_atexto
_btxt
337 _2rdamedia
_asin mediación
_bn
338 _2rdacarrier
_avolumen
_bnc
500 _aLa biblioteca posee el v. 2.
500 _aIncluye referencias bibliográficas y notas al pie de las páginas.
505 2 _av.2--
_tDisposiciones adjetivas
590 _aInventariado,2018/DG
650 4 _aAdministración de justicia para menores
_xLegislación
_zRepública Dominicana
_917169
650 4 _aDerecho de familia
_xLegislación
_zRepública Dominicana
_917171
650 4 _aNiños
_xSituación legal
_95138
650 4 _aPersonas con discapacidades físicas
_xLegislación
_zRepública Dominicana
_957652
650 4 _aLeyes
_zRepública Dominicana
_93033
651 4 _aRepública Dominicana
_xPoblación
_xLegislación
_957653
700 1 _aCastillo Pantaleón, Juan Miguel,
_ecompilador
_954034
710 1 _aRepública Dominicana.
_bOficina de Seguimiento de las Cumbres Mundiales
_957654
710 _aFondo de las Naciones Unidas para Actividades de Población
_932159
910 _aValidado. Control de calidad EMS
942 _2ddc
_cLBS1
999 _c30670
_d30670